Statistiken für Saarland - Quiz

Klicken Sie hier um das Quiz zu spielen!

Allgemein

  • Dieses Quiz wurde 2.987 mal gespielt
  • Das Durchschnittsergebnis liegt bei 8 aus 20

Antwortstatistiken

HinweisAntwort% Korrekt
HauptstadtSaarbrücken
99%
NachbarländerFrankreich | Luxemburg
91%
KreisstädteSaarlouis
68%
Längster Fluss (Gesamtlänge)Mosel
62%
In diesem Jahr wurde das Saarland Teil der Bundesrepublik Deutschland1956/57
59%
Neunkirchen | Ottweiler
51%
Homburg
49%
Sie gewann als 17-jährige 1982 den Eurovision Song ContestNicole
43%
DDR-Staatsratsvorsitzender aus dem SaarlandErich Honecker
41%
Merzig
38%
St. Wendel
37%
Ehemalige Eisenhütte und WeltkulturerbestätteVölklinger Hütte
28%
MinisterpräsidentinAnke Rehlinger
21%
Deutscher Staat der 1592 als erster Staat weltweit die allgemeine Schulpflicht einführtePfalz-Zweibrücken
19%
Längster Fluss (Länge im Saarland)Blies
18%
Herzhaftes Saarländisches KartoffelgerichtDibbelabbes | Schaales
16%
Burg in der Saarschleife bei MettlachBurg Montclair
10%
Berg bei Dudweiler aus dem durch den Brand eines Kohleflözes spürbar Wärme austrittBrennender Berg
8%
Höchster BergDollberg
8%
Überrest einer gewaltigen keltischen Pfostenschlitzmauer bei OtzenhausenHunnenring
8%

Verteilung der Resultate

Perzentil nach korrekt beantworteten Fragen

Anzahl Personen mit jedem Resultat

Ihre Resultats-Entwicklung

Sie haben dieses Quiz noch nicht gespielt